[Event "Novorossiysk Small Land Blitz op"]
[Site "Novorossiysk"]
[Date "2023.07.29"]
[Round "7"]
[White "Kurchenko, Egor"]
[Black "Stambulian, Arsen"]
[Result "1-0"]
[WhiteElo "2125"]
[BlackElo "2316"]
[PlyCount "41"]
[EventDate "2023.07.29"]
[EventType "swiss (blitz)"]
[EventRounds "13"]
[EventCountry "RUS"]
[SourceTitle "CBM 215 Extra"]
[Source "ChessBase"]
[SourceDate "2023.09.30"]
[SourceVersion "1"]
[SourceVersionDate "2023.09.30"]
[SourceQuality "1"]

1. e4 d6 2. d4 Nf6 3. Nc3 g6 4. f4 Bg7 5. Nf3 0-0 6. Bd3 Na6 7. 0-0 c5 8. d5 Nc7 9. a4 a6 10. a5 Bd7 11. Nb5 axb5 12. c3 c4 13. Bc2 Na6 14. Be3 b4 15. Bd4 b3 16. Bb1 Nc5 17. Qe2 Rxa5 18. Rxa5 Qxa5 19. Qxc4 Ncxe4 20. Bxe4 Nxe4 21. Bxg7 1-0

[Event "Novorossiysk Small Land Blitz op"]
[Site "Novorossiysk"]
[Date "2023.07.29"]
[Round "12"]
[White "Stambulian, Arsen"]
[Black "Yatchenko, Leonid"]
[Result "0-1"]
[WhiteElo "2316"]
[BlackElo "2000"]
[PlyCount "64"]
[EventDate "2023.07.29"]
[EventType "swiss (blitz)"]
[EventRounds "13"]
[EventCountry "RUS"]
[SourceTitle "CBM 215 Extra"]
[Source "ChessBase"]
[SourceDate "2023.09.30"]
[SourceVersion "1"]
[SourceVersionDate "2023.09.30"]
[SourceQuality "1"]

1. e4 c5 2. Nf3 Nc6 3. d4 cxd4 4. Nxd4 g6 5. Nc3 Bg7 6. Be3 d6 7. h3 Nf6 8. Bc4 0-0 9. 0-0 Bd7 10. Re1 Rc8 11. Bb3 Ne5 12. Qe2 a6 13. Rad1 b5 14. Bc1 Nc4 15. Nd5 Nxd5 16. exd5 Re8 17. c3 Qb6 18. Qf3 Ne5 19. Qg3 b4 20. h4 bxc3 21. bxc3 h5 22. Bf4 Qa5 23. Nc6 Bxc6 24. dxc6 Kf8 25. Rd5 Qb6 26. Bxe5 Bxe5 27. Qf3 e6 28. Rdxe5 dxe5 29. Qf6 Qxc6 30. Bc2 e4 31. Bxe4 Qxc3 32. Qf4 Qxe1+ 0-1

[Event "Anapa Sea Harbor Cup Blitz"]
[Site "Anapa"]
[Date "2021.06.13"]
[Round "10"]
[White "Goganov, Aleksey"]
[Black "Stambulian, Arsen"]
[Result "1-0"]
[WhiteElo "2581"]
[BlackElo "2306"]
[PlyCount "77"]
[EventDate "2021.06.13"]
[EventType "swiss (blitz)"]
[EventRounds "13"]
[EventCountry "RUS"]
[SourceTitle "CBM 202 Extra"]
[Source "ChessBase"]
[SourceDate "2021.07.31"]
[SourceVersion "1"]
[SourceVersionDate "2021.07.31"]
[SourceQuality "1"]

1. d4 d5 2. c4 c6 3. Nf3 Nf6 4. e3 g6 5. Nc3 Bg7 6. Be2 0-0 7. 0-0 Bg4 8. cxd5 cxd5 9. Qb3 b6 10. h3 Bf5 11. Bd2 Nc6 12. Rfc1 Na5 13. Qa4 a6 14. Ne5 b5 15. Qa3 Nc4 16. Bxc4 bxc4 17. Nc6 Qd7 18. Nxe7+ Kh8 19. Nxf5 gxf5 20. b3 Rfc8 21. bxc4 Rxc4 22. Rcb1 f4 23. exf4 Rxd4 24. Rd1 Ne4 25. Be1 Rc8 26. Ne2 Ra4 27. Qf3 Bxa1 28. Rxa1 Rc6 29. Rd1 Rxa2 30. Nc3 Nxc3 31. Bxc3+ Kg8 32. f5 Rxc3 33. Qxc3 Qxf5 34. Qc5 Kg7 35. Rxd5 Ra1+ 36. Kh2 Qf4+ 37. g3 Qc1 38. Qd4+ Kg6 39. Rd6+ 1-0

[Event "Anapa Sea Harbor Cup Blitz"]
[Site "Anapa"]
[Date "2021.06.13"]
[Round "13"]
[White "Zakhartsov, Vladimir"]
[Black "Stambulian, Arsen"]
[Result "1-0"]
[WhiteElo "2506"]
[BlackElo "2306"]
[PlyCount "121"]
[EventDate "2021.06.13"]
[EventType "swiss (blitz)"]
[EventRounds "13"]
[EventCountry "RUS"]
[SourceTitle "CBM 202 Extra"]
[Source "ChessBase"]
[SourceDate "2021.07.31"]
[SourceVersion "1"]
[SourceVersionDate "2021.07.31"]
[SourceQuality "1"]

1. d4 Nf6 2. c4 g6 3. Nc3 d5 4. cxd5 Nxd5 5. Bd2 Bg7 6. e4 Nb6 7. Be3 0-0 8. a4 a5 9. Nf3 Nc6 10. h3 f5 11. exf5 Bxf5 12. Bb5 Nb4 13. Rc1 c6 14. Qb3+ Kh8 15. Be2 Nd3+ 16. Bxd3 Bxd3 17. Rd1 Bc4 18. Qc2 Nd5 19. Ne2 Ba6 20. 0-0 Qd6 21. Ne5 Nxe3 22. fxe3 Bxe5 23. dxe5 Qxe5 24. Rxf8+ Rxf8 25. Qc3 Qxc3 26. Nxc3 Rf6 27. Ne4 Re6 28. Rd4 Re5 29. Kf2 Kg7 30. Nc3 Rf5+ 31. Kg3 Rf1 32. Rd7 Kf7 33. Ne4 Rb1 34. Rd2 h6 35. Nc5 Rc1 36. Rf2+ Ke8 37. Ne6 Bc4 38. Rf8+ Kd7 39. Nc5+ Kc7 40. Re8 b6 41. Ne4 Kd7 42. Rb8 Bd5 43. Nc3 Kc7 44. Re8 e6 45. e4 Bb3 46. Rg8 Rc2 47. Rxg6 Rxb2 48. Rxh6 Rc2 49. Nd1 Bxa4 50. h4 Re2 51. Nf2 Bc2 52. Kf3 Rd2 53. h5 a4 54. Ke3 Rd7 55. Rh8 Kb7 56. h6 a3 57. h7 Rxh7 58. Rxh7+ Ka6 59. Rh1 a2 60. Ra1 Bb1 61. Nd1 1-0

[Event "Anapa Sea Harbor Cup Rapid"]
[Site "Anapa"]
[Date "2021.06.11"]
[Round "4"]
[White "Stambulian, Arsen"]
[Black "Nesterov, Arseniy"]
[Result "0-1"]
[WhiteElo "2306"]
[BlackElo "2479"]
[PlyCount "72"]
[EventDate "2021.06.11"]
[EventType "swiss (rapid)"]
[EventRounds "9"]
[EventCountry "RUS"]
[SourceTitle "CBM 202 Extra"]
[Source "ChessBase"]
[SourceDate "2021.07.31"]
[SourceVersion "1"]
[SourceVersionDate "2021.07.31"]
[SourceQuality "1"]

1. e4 e5 2. Nf3 Nc6 3. Bb5 a6 4. Ba4 b5 5. Bb3 Na5 6. 0-0 d6 7. h3 Bb7 8. d3 Nf6 9. Nc3 Be7 10. Ne2 0-0 11. Ng3 h6 12. Nf5 Nxb3 13. axb3 Kh7 14. c4 Ng8 15. Nh2 g6 16. Nxe7 Qxe7 17. Be3 f5 18. f3 c5 19. cxb5 axb5 20. Qc2 f4 21. Bf2 b4 22. Rfe1 Nf6 23. Nf1 g5 24. Nd2 h5 25. Nc4 g4 26. Kf1 gxf3 27. gxf3 Qe6 28. Ke2 Rg8 29. Rxa8 Rxa8 30. Rg1 Bc6 31. Qb1 d5 32. Nd2 dxe4 33. fxe4 Qxh3 34. Nf3 Nxe4 35. Qc1 Qxf3+ 36. Kxf3 Nc3# 0-1

[Event "Anapa Sea Harbor Cup"]
[Site "Anapa"]
[Date "2021.06.08"]
[Round "7"]
[White "Ponkratov, Pavel"]
[Black "Stambulian, Arsen"]
[Result "1-0"]
[WhiteElo "2627"]
[BlackElo "2306"]
[PlyCount "105"]
[EventDate "2021.06.02"]
[EventType "swiss"]
[EventRounds "9"]
[EventCountry "RUS"]
[SourceTitle "CBM 202 Extra"]
[Source "ChessBase"]
[SourceDate "2021.07.31"]
[SourceVersion "1"]
[SourceVersionDate "2021.07.31"]
[SourceQuality "1"]

1. e4 e5 2. Nc3 Nf6 3. f4 d5 4. fxe5 Nxe4 5. Qf3 Nxc3 6. dxc3 Be6 7. Bf4 Nd7 8. 0-0-0 c6 9. Ne2 Qa5 10. a3 Nc5 11. Nd4 Be7 12. c4 Qa4 13. cxd5 Bxd5 14. Qxd5 cxd5 15. Bb5+ Qxb5 16. Nxb5 Ne6 17. Be3 a6 18. Nc3 d4 19. Bxd4 Bg5+ 20. Kb1 Rd8 21. Ne4 Rxd4 22. Rxd4 Nxd4 23. Nxg5 h6 24. Ne4 Ke7 25. Nc5 Rc8 26. Nxb7 Rxc2 27. Rd1 Rc7 28. Rxd4 Rxb7 29. Rd6 a5 30. Rd5 Ra7 31. a4 Ke6 32. Rb5 Kf5 33. Kc2 Ke4 34. Kc3 Ke3 35. Kc4 Kf2 36. g4 Kg2 37. Kc5 Kxh2 38. Kb6 Ra8 39. Kb7 Re8 40. Rxa5 Kg3 41. Rc5 Kxg4 42. a5 Re7+ 43. Kb6 Re6+ 44. Rc6 Re8 45. a6 h5 46. a7 h4 47. Kb7 h3 48. a8Q Rxa8 49. Kxa8 h2 50. Rc1 Kf3 51. b4 g5 52. Rh1 Kg2 53. Rxh2+ 1-0

[Event "RUS-ch blitz"]
[Site "Sochi"]
[Date "2019.10.17"]
[Round "4"]
[White "Stambulian, Arsen"]
[Black "Bocharov, Dmitry"]
[Result "0-1"]
[WhiteElo "2306"]
[BlackElo "2519"]
[PlyCount "80"]
[EventDate "2019.10.17"]
[EventType "swiss (blitz)"]
[EventRounds "15"]
[EventCountry "RUS"]
[SourceTitle "CBM 192 Extra"]
[Source "Chessbase"]
[SourceDate "2019.11.06"]
[SourceVersion "1"]
[SourceVersionDate "2019.11.06"]
[SourceQuality "1"]

1. e4 c5 2. Nf3 d6 3. d4 cxd4 4. Nxd4 Nf6 5. Nc3 a6 6. Bg5 Nbd7 7. Qd2 b5 8. f3 Bb7 9. 0-0-0 Rc8 10. Kb1 h6 11. Bh4 g6 12. Bd3 Bg7 13. Nce2 0-0 14. Bf2 Ne5 15. Be3 Kh7 16. g4 d5 17. g5 hxg5 18. h4 g4 19. h5 dxe4 20. hxg6+ Kg8 21. gxf7+ Kxf7 22. fxe4 Nxe4 23. Bxe4 Bxe4 24. Rhf1+ Kg8 25. Rxf8+ Qxf8 26. Nc3 Nc4 27. Qe1 Bf3 28. Rd3 Qf7 29. Bc1 e5 30. Nxf3 gxf3 31. Qf2 Rf8 32. Ne4 Qf5 33. Ng3 Qg6 34. Rd1 e4 35. Rg1 e3 36. Bxe3 Nxe3 37. Qxe3 f2 38. Rf1 Qg4 39. Ne2 Qg2 40. Ng3 Rf6 0-1

[Event "RUS-ch blitz"]
[Site "Sochi"]
[Date "2018.10.07"]
[Round "19.30"]
[White "Oganian, Miran"]
[Black "Stambulian, Arsen"]
[Result "0-1"]
[WhiteElo "2435"]
[BlackElo "2339"]
[PlyCount "118"]
[EventDate "2018.10.07"]
[EventType "swiss (blitz)"]
[EventRounds "20"]
[EventCountry "RUS"]
[SourceTitle "CBM 186 Extra"]
[Source "ChessBase"]
[SourceDate "2018.08.24"]
[SourceVersion "1"]
[SourceVersionDate "2018.08.24"]
[SourceQuality "1"]

1. d4 Nf6 2. c4 g6 3. Nc3 Bg7 4. e4 d6 5. Nf3 0-0 6. Be2 e5 7. Be3 Na6 8. 0-0 Qe7 9. dxe5 dxe5 10. a3 c6 11. b4 Ng4 12. Bg5 f6 13. Bd2 Be6 14. Qc1 g5 15. c5 Nc7 16. Ne1 Nh6 17. Nc2 Kh8 18. Ne3 Bg8 19. Nc4 Ne6 20. Nd6 Nd4 21. Qb2 Nf7 22. Nf5 Nxf5 23. exf5 e4 24. Rfe1 Qe5 25. Bf3 Qxf5 26. Bxe4 Qd7 27. Qc2 Nh6 28. Rad1 Qf7 29. Bd3 Rfe8 30. Ne4 Qb3 31. Nd6 Rxe1+ 32. Rxe1 Qxa3 33. Nxb7 Ng4 34. Na5 Ne5 35. Bf1 Qa2 36. Qxa2 Bxa2 37. Bc3 Bd5 38. Rd1 f5 39. Kh1 Ng4 40. Bxg7+ Kxg7 41. Kg1 Nf6 42. Ba6 Re8 43. Kf1 Re4 44. Rxd5 Nxd5 45. b5 cxb5 46. Bb7 Ra4 47. Nc6 Nf4 48. f3 Ra1+ 49. Kf2 Ra2+ 50. Ke3 Nxg2+ 51. Kd4 Nh4 52. Kd5 Nxf3 53. Nb4 Rd2+ 54. Ke6 Nd4+ 55. Ke7 a5 56. Nd5 a4 57. c6 Nxc6+ 58. Bxc6 a3 59. Nc7 Re2+ 0-1

[Event "RUS-ch blitz"]
[Site "Sochi"]
[Date "2018.10.07"]
[Round "4.30"]
[White "Stambulian, Arsen"]
[Black "Romanov, Evgeny"]
[Result "0-1"]
[WhiteElo "2339"]
[BlackElo "2614"]
[PlyCount "58"]
[EventDate "2018.10.07"]
[EventType "swiss (blitz)"]
[EventRounds "20"]
[EventCountry "RUS"]
[SourceTitle "CBM 186 Extra"]
[Source "ChessBase"]
[SourceDate "2018.08.24"]
[SourceVersion "1"]
[SourceVersionDate "2018.08.24"]
[SourceQuality "1"]

1. e4 c5 2. Nf3 a6 3. c3 d5 4. exd5 Qxd5 5. d4 e6 6. Be2 Nf6 7. 0-0 Be7 8. dxc5 Qxc5 9. Be3 Qc7 10. Nbd2 0-0 11. Nc4 Nbd7 12. Qc1 Nd5 13. a4 b6 14. Re1 Bb7 15. Bg5 Bxg5 16. Qxg5 Nf4 17. Bf1 Bxf3 18. gxf3 f6 19. Qg3 e5 20. Rad1 Nc5 21. a5 bxa5 22. Ne3 Rfd8 23. Bc4+ Kh8 24. Nd5 Nxd5 25. Bxd5 Rab8 26. Rd2 Ne6 27. Red1 Nf4 28. Qg4 h5 29. Qg3 Rxd5 0-1

[Event "RUS-ch rapid"]
[Site "Sochi"]
[Date "2018.10.06"]
[Round "11.33"]
[White "Stambulian, Arsen"]
[Black "Kozionov, Kirill"]
[Result "0-1"]
[WhiteElo "2339"]
[BlackElo "2458"]
[PlyCount "50"]
[EventDate "2018.10.05"]
[EventType "swiss (rapid)"]
[EventRounds "11"]
[EventCountry "RUS"]
[SourceTitle "CBM 186 Extra"]
[Source "ChessBase"]
[SourceDate "2018.08.24"]
[SourceVersion "1"]
[SourceVersionDate "2018.08.24"]
[SourceQuality "1"]

1. c4 e5 2. Nc3 Nf6 3. Nf3 Nc6 4. g3 d5 5. cxd5 Nxd5 6. Bg2 Nb6 7. d3 Be7 8. a3 Be6 9. b4 a5 10. b5 Nd4 11. Nxd4 exd4 12. Ne4 a4 13. 0-0 0-0 14. Bb2 Ra5 15. e3 dxe3 16. fxe3 Rxb5 17. Bd4 c5 18. Bc3 Rb3 19. Qc2 Nd5 20. Bd2 b6 21. Nc3 Rxc3 22. Bxc3 Nxe3 23. Qxa4 Qxd3 24. Be1 Nxg2 25. Kxg2 Bh3+ 0-1

[Event "RUS-ch rapid"]
[Site "Sochi"]
[Date "2018.10.05"]
[Round "2.31"]
[White "Bocharov, Dmitry"]
[Black "Stambulian, Arsen"]
[Result "1-0"]
[WhiteElo "2557"]
[BlackElo "2339"]
[PlyCount "41"]
[EventDate "2018.10.05"]
[EventType "swiss (rapid)"]
[EventRounds "11"]
[EventCountry "RUS"]
[SourceTitle "CBM 186 Extra"]
[Source "ChessBase"]
[SourceDate "2018.08.24"]
[SourceVersion "1"]
[SourceVersionDate "2018.08.24"]
[SourceQuality "1"]

1. d4 Nf6 2. c4 g6 3. Nc3 d5 4. e3 Bg7 5. Qb3 dxc4 6. Bxc4 0-0 7. Nf3 Nc6 8. Be2 b6 9. 0-0 Bb7 10. Rd1 Qc8 11. e4 Ba6 12. Bxa6 Qxa6 13. e5 Ng4 14. h3 Nh6 15. d5 Nb8 16. Bg5 Nd7 17. Bxe7 Rfe8 18. d6 Nc5 19. Qd5 cxd6 20. exd6 Nd7 21. Nb5 1-0

[Event "RUS-ch blitz"]
[Site "Sochi"]
[Date "2017.10.02"]
[Round "12"]
[White "Smagin, Sergey"]
[Black "Stambulian, Arsen"]
[Result "1/2-1/2"]
[WhiteElo "2551"]
[BlackElo "2362"]
[PlyCount "103"]
[EventDate "2017.10.02"]
[EventType "swiss (blitz)"]
[EventRounds "20"]
[EventCountry "RUS"]
[SourceTitle "EXT 2018"]
[Source "ChessBase"]
[SourceDate "2017.10.13"]
[SourceVersion "1"]
[SourceVersionDate "2017.10.13"]
[SourceQuality "1"]

1. e4 e5 2. Nc3 Nf6 3. g3 Bc5 4. Bg2 d6 5. Nge2 0-0 6. Na4 Bb4 7. a3 Ba5 8. b4 Bb6 9. 0-0 c6 10. Nxb6 axb6 11. d4 Nbd7 12. Bb2 Qe7 13. dxe5 Nxe5 14. Qd4 b5 15. Bc3 Nc4 16. a4 c5 17. Qd3 Bd7 18. axb5 Rxa1 19. Rxa1 Bxb5 20. f3 d5 21. bxc5 dxe4 22. Bxf6 Qxf6 23. Qd4 Ne5 24. f4 Ng4 25. Qxf6 Nxf6 26. Nd4 Bc4 27. Rb1 Bd5 28. c4 Bc6 29. Nf5 Re8 30. Nd6 Re7 31. h3 g6 32. g4 Kg7 33. Re1 Nd7 34. Nc8 Re8 35. Nd6 Re6 36. f5 Re5 37. f6+ Nxf6 38. Kf2 e3+ 39. Kg3 Bxg2 40. Kxg2 Rxc5 41. Rxe3 Rc6 42. Rd3 b6 43. g5 Nh5 44. Kf3 h6 45. Ne8+ Kf8 46. gxh6 Kg8 47. Rd6 Rxc4 48. Rxb6 Kh7 49. Nf6+ Nxf6 50. Rxf6 Kxh6 51. Rxf7 Rc3+ 52. Kg2 1/2-1/2

[Event "Krasnodar Region-ch"]
[Site "Krasnodar"]
[Date "2014.10.09"]
[Round "7"]
[White "Bryzgalin, Kirill"]
[Black "Stambulian, Arsen"]
[Result "1/2-1/2"]
[WhiteElo "2449"]
[BlackElo "2410"]
[PlyCount "38"]
[EventDate "2014.10.03"]
[EventType "swiss"]
[EventRounds "9"]
[EventCountry "RUS"]
[SourceTitle "EXT 2015"]
[Source "ChessBase"]
[SourceDate "2014.11.20"]
[SourceVersion "1"]
[SourceVersionDate "2014.11.20"]
[SourceQuality "1"]

1. c4 Nf6 2. Nf3 g6 3. b3 Bg7 4. Bb2 0-0 5. g3 c6 6. Bg2 d5 7. 0-0 a5 8. d3 Bg4 9. Nbd2 Na6 10. a3 Bxf3 11. Nxf3 e6 12. Qc2 Nd7 13. Bxg7 Kxg7 14. Rfd1 Qf6 15. Rab1 Nc7 16. e3 Rfc8 17. Qe2 Qe7 18. Qb2+ Qf6 19. Qe2 Qe7 1/2-1/2

[Event "Anapa"]
[Site "Anapa"]
[Date "2012.09.08"]
[Round "9"]
[White "Stambulian, Arsen"]
[Black "Kostromin, Mikhail"]
[Result "1-0"]
[WhiteElo "2408"]
[BlackElo "2370"]
[PlyCount "143"]
[EventDate "2012.08.30"]
[EventType "tourn"]
[EventRounds "11"]
[EventCountry "RUS"]
[EventCategory "3"]
[SourceTitle "EXT 2013"]
[Source "ChessBase"]
[SourceDate "2012.11.22"]
[SourceVersion "1"]
[SourceVersionDate "2012.11.22"]
[SourceQuality "1"]

1. Nf3 Nf6 2. g3 b6 3. Bg2 Bb7 4. 0-0 e6 5. c4 Be7 6. Nc3 0-0 7. Qc2 c5 8. Rd1 Nc6 9. d4 cxd4 10. Nxd4 Nxd4 11. Rxd4 Bxg2 12. Kxg2 Qc7 13. b3 d5 14. cxd5 Rac8 15. Rc4 Qb7 16. e4 exd5 17. exd5 Rcd8 18. Be3 Nxd5 19. Nxd5 Qxd5+ 20. Kg1 Bf6 21. Rc1 Rd7 22. Rc7 Rfd8 23. Qc4 Qf3 24. Rxd7 Rxd7 25. Qc8+ Rd8 26. Qc7 g5 27. Qxa7 g4 28. Qa6 Bd4 29. Qd3 b5 30. Re1 Bb6 31. Qe2 Bxe3 32. fxe3 Qf5 33. e4 Qg5 34. Qf2 h5 35. Rf1 Qg6 36. Qf5 Rd2 37. Qxb5 Rxa2 38. Qe8+ Kg7 39. Qe5+ f6 40. Qe7+ Qf7 41. Qxf7+ Kxf7 42. e5 Re2 43. Rxf6+ Kg7 44. Rf2 Rxe5 45. b4 Rb5 46. Rb2 Kf6 47. Kf2 Ke5 48. Ke3 Kd5 49. Kd3 Kc6 50. Kc4 h4 51. Rf2 Re5 52. Rf6+ Kb7 53. Rf4 h3 54. Kd3 Re1 55. Rxg4 Rh1 56. Ke3 Rxh2 57. Rh4 Kc6 58. Kf3 Kd6 59. Kg4 Rh1 60. Rxh3 Rb1 61. Rh6+ Kc7 62. Re6 Rxb4+ 63. Kf5 Kd7 64. Re5 Kd6 65. Re8 Kd7 66. Re3 Rb8 67. Kf6 Rb4 68. Re7+ Kd6 69. Rg7 Rb1 70. g4 Rf1+ 71. Kg6 Ke5 72. Re7+ 1-0

[Event "Anapa"]
[Site "Anapa"]
[Date "2012.09.01"]
[Round "2"]
[White "Stambulian, Arsen"]
[Black "Kozak, Alexander"]
[Result "1-0"]
[WhiteElo "2408"]
[BlackElo "2316"]
[PlyCount "67"]
[EventDate "2012.08.30"]
[EventType "tourn"]
[EventRounds "11"]
[EventCountry "RUS"]
[EventCategory "3"]
[SourceTitle "EXT 2013"]
[Source "ChessBase"]
[SourceDate "2012.11.22"]
[SourceVersion "1"]
[SourceVersionDate "2012.11.22"]
[SourceQuality "1"]

1. Nf3 f5 2. g3 Nf6 3. Bg2 g6 4. c4 Bg7 5. Nc3 0-0 6. Rb1 d6 7. 0-0 e5 8. d3 Nc6 9. b4 h6 10. Ne1 f4 11. Nd5 Kh8 12. b5 Nd4 13. Nxf6 Qxf6 14. Bb2 g5 15. e3 f3 16. exd4 fxg2 17. Kxg2 exd4 18. Nc2 Qg6 19. Bxd4 b6 20. Bxg7+ Kxg7 21. Nb4 Bb7+ 22. Nc6 a6 23. Qb3 Qe8 24. Qc3+ Kg8 25. Rbe1 Bxc6+ 26. Kg1 Qg6 27. bxc6 Rf3 28. Re3 Raf8 29. Qd4 Qf7 30. Re4 h5 31. Re2 h4 32. gxh4 Qf5 33. Re4 gxh4 34. Rg4+ 1-0

[Event "Astrakhan op"]
[Site "Astrakhan"]
[Date "2011.08.22"]
[Round "6.1"]
[White "Aliyev, Elnur Fakhraddin Og"]
[Black "Stambulian, Arsen"]
[Result "1/2-1/2"]
[WhiteElo "2219"]
[BlackElo "2401"]
[PlyCount "120"]
[EventDate "2011.08.17"]
[EventType "swiss"]
[EventRounds "9"]
[EventCountry "RUS"]
[SourceTitle "EXT 2022"]
[Source "ChessBase"]
[SourceDate "2021.10.06"]
[SourceVersion "1"]
[SourceVersionDate "2021.10.06"]
[SourceQuality "1"]

1. Nf3 Nf6 2. c4 g6 3. Nc3 d5 4. cxd5 Nxd5 5. Qa4+ Bd7 6. Qh4 Nxc3 7. dxc3 Nc6 8. Bf4 f6 9. e4 e5 10. Be3 Qe7 11. 0-0-0 0-0-0 12. Bb5 Qe6 13. Kb1 Be7 14. Nd2 a6 15. Bc4 f5 16. Bg5 Bxg5 17. Qxg5 Qe7 18. Qxe7 Nxe7 19. exf5 Bxf5+ 20. Kc1 b5 21. Bb3 Nd5 22. Bxd5 Rxd5 23. Nb3 Rhd8 24. Rxd5 Rxd5 25. Rd1 c6 26. Rxd5 cxd5 27. Nc5 a5 28. Kd2 Kc7 29. Ke3 Kc6 30. Nb3 a4 31. Nd2 Kc5 32. Nf3 Bb1 33. Nxe5 Bxa2 34. f4 Bb1 35. g4 b4 36. cxb4+ Kxb4 37. Kd2 Be4 38. Nd3+ Kc4 39. Nf2 Kd4 40. h3 Bg2 41. h4 Bf3 42. g5 Kc4 43. Ke3 Bh5 44. Kd2 Kd4 45. Nd3 Bg4 46. Ne5 Bf5 47. Nc6+ Ke4 48. Nb4 d4 49. Nd3 Kd5 50. Nf2 Kc4 51. Nh1 Kb3 52. Kc1 Bd7 53. Ng3 Bc6 54. f5 gxf5 55. Nxf5 Kc4 56. Kd2 Bd7 57. Ng3 Kb3 58. h5 Be6 59. Kc1 Bf7 60. g6 Bxg6 1/2-1/2

[Event "Astrakhan op"]
[Site "Astrakhan"]
[Date "2011.08.17"]
[Round "1.1"]
[White "Stambulian, Arsen"]
[Black "Isaev, Felix"]
[Result "1-0"]
[WhiteElo "2401"]
[BlackElo "1757"]
[PlyCount "47"]
[EventDate "2011.08.17"]
[EventType "swiss"]
[EventRounds "9"]
[EventCountry "RUS"]
[SourceTitle "EXT 2022"]
[Source "ChessBase"]
[SourceDate "2021.10.06"]
[SourceVersion "1"]
[SourceVersionDate "2021.10.06"]
[SourceQuality "1"]

1. e4 e6 2. d4 d5 3. Nc3 Nf6 4. Bg5 Bb4 5. e5 h6 6. exf6 hxg5 7. fxg7 Rg8 8. Nf3 Nd7 9. h4 g4 10. Ng5 Rxg7 11. Qxg4 Nf6 12. Qf3 Bd7 13. 0-0-0 Qe7 14. Nb5 Ba5 15. Qf4 Bc6 16. h5 a6 17. h6 Rxg5 18. Qxg5 Ne4 19. Qg8+ Kd7 20. Qxa8 Qg5+ 21. Kb1 Nxf2 22. h7 b6 23. Qf8 Qg4 24. Qxf7+ 1-0

[Event "Anapa"]
[Site "Anapa"]
[Date "2010.09.03"]
[Round "4"]
[White "Tarlev, Konstantin"]
[Black "Stambulian, Arsen"]
[Result "1-0"]
[WhiteElo "2484"]
[BlackElo "2410"]
[PlyCount "65"]
[EventDate "2010.08.31"]
[EventType "tourn"]
[EventRounds "11"]
[EventCountry "RUS"]
[EventCategory "1"]
[SourceTitle "CBM 138 Extra"]
[Source "ChessBase"]
[SourceDate "2010.10.29"]
[SourceVersion "1"]
[SourceVersionDate "2010.10.29"]
[SourceQuality "1"]

1. e4 d6 2. d4 Nf6 3. Nc3 g6 4. g3 Bg7 5. Bg2 0-0 6. Nge2 e5 7. 0-0 Nc6 8. dxe5 dxe5 9. Be3 Be6 10. Nd5 Nd7 11. Qd2 Ne7 12. Qb4 Nxd5 13. exd5 Bf5 14. Qxb7 Bxc2 15. Rfc1 Rb8 16. Qxa7 Bd3 17. Rxc7 Nf6 18. Nc3 e4 19. d6 Ng4 20. Bc5 Qf6 21. d7 Rfd8 22. Qxb8 Rxb8 23. Rc8+ Qd8 24. Rxd8+ Rxd8 25. Bxe4 Bxe4 26. Nxe4 Rxd7 27. a4 f5 28. Nc3 Ne5 29. a5 Nd3 30. a6 Nxc5 31. a7 Rxa7 32. Rxa7 Nd3 33. Nd1 1-0